000 00310nam a22001457a 4500
020 _a81-7573-673-9
082 _a001
_bDUA/F
100 _aDUA,SHYAM
245 _aFAMOUS GREAT INDIAN LEADERS
250 _aFIRST
260 _aDELHI
_bTINY TOT
_c2004
300 _a108
650 _aLEADERS
_zDELHI
942 _cBK
999 _c6571
_d6571